Chile National Football Team - Statistics

General Stats
  • This quiz has been taken 214 times
  • The average score is 9 of 16
Answer Stats
Goals Caps Player % Correct
51 168 Alexis Sánchez
98%
34 147 Arturo Vidal
95%
24 85 Leonel Sánchez
86%
0 150 Claudio Bravo
82%
7 161 Gary Medel
69%
45 120 Eduardo Vargas
65%
34 69 Iván Zamorano
60%
37 70 Marcelo Salas
58%
7 103 Charles Aránguiz
56%
5 144 Mauricio Isla
56%
6 109 Jean Beausejour
44%
3 115 Gonzalo Jara
35%
21 60 Humberto Suazo
30%
29 49 Carlos Caszely
23%
22 37 Jorge Aravena
8%
18 57 Juan Carlos Letelier
4%
No matching quizzes found
Score Distribution
Percent of People with Each Score
Percentile by Number Answered
Your Score History
You have not taken this quiz